000 00895nam a2200301 a 4500
008
020 _a9780732989330 (paperback)
040 _aNUST
_cNUST
049 _aMAIN
090 _aBF121
_bGRI
100 1 _aGriva, John.
245 0 _aPsychology VCE Units 3&4 /
_cGrivas John, Down Ross and Carter Linda.
250 _aThird Edition.
260 _aAustrallia :
_bMacmillan,
_c2004.
300 _ax, 550 pages :
_bcolour illustrations ;
_c28 cm.
336 _atext
_btxt
_2rdacontent
337 _aunmediated
_bn
_2rdamedia
338 _avolume
_bnc
_2rdacarrier
500 _aIncludes index.
650 _aPsychological research.
650 _aPsychology.
700 _aDown, Ross.
700 _aCarter, Linda.
907 _a.b10412554
_b12-11-21
_c05-11-21
003
005 20230123141229.0
942 _cBOOKS
_kBF121
_mGRI
999 _c169908
_d169908